[Event "SRI-chT"]
[Site "Colombo"]
[Date "2023.07.31"]
[Round "7.3"]
[White "Saravanabaavan, Brijeash"]
[Black "Uyanhewage, TK."]
[Result "1-0"]
[WhiteElo "1625"]
[BlackElo "1629"]
[PlyCount "81"]
[EventDate "2023.07.28"]
[EventType "team-tourn"]
[EventRounds "9"]
[EventCountry "SRI"]
[SourceTitle "CBM 215 Extra"]
[Source "ChessBase"]
[SourceDate "2023.09.30"]
[SourceVersion "1"]
[SourceVersionDate "2023.09.30"]
[SourceQuality "1"]
[WhiteTeam "Sri Lanka Navy CC"]
[BlackTeam "Maroons CC"]
[WhiteTeamCountry "SRI"]
[BlackTeamCountry "SRI"]

1. e4 e5 2. Nf3 Nc6 3. Bc4 Bc5 4. 0-0 d6 5. d3 h6 6. c3 Nf6 7. a4 a6 8. b4 Ba7 9. Qb3 0-0 10. Nbd2 Bg4 11. h3 Bh5 12. Re1 Nh7 13. g4 Bg6 14. Nf1 Qd7 15. Kg2 Kh8 16. Ng3 Ne7 17. d4 exd4 18. cxd4 Nf6 19. d5 Nxg4 20. hxg4 Qxg4 21. Nh2 Qh4 22. Rh1 Bxe4+ 23. f3 Nf5 24. Nhf1 Qg4 25. fxe4 Nh4+ 26. Rxh4 Qxh4 27. Qf3 Rae8 28. Ne3 Qg5 29. Ng4 Qg6 30. Bxh6 gxh6 31. Rh1 Kg7 32. Nh5+ Kg8 33. Nhf6+ Kg7 34. Nh5+ Kh8 35. Ng3 Kg7 36. Nf5+ Kg8 37. Nfxh6+ Kg7 38. Nf5+ Kg8 39. Qh3 f6 40. Qh8+ Kf7 41. Rh7+ 1-0

[Event "World ol U16"]
[Site "Nakhchivan"]
[Date "2022.10.08"]
[Round "7.11"]
[White "Subramanian, Anusha"]
[Black "Saravanabaavan, Brijeash"]
[Result "1-0"]
[WhiteElo "1840"]
[BlackElo "1679"]
[PlyCount "83"]
[EventDate "2022.10.02"]
[EventType "team-swiss"]
[EventRounds "9"]
[EventCountry "AZE"]
[SourceTitle "CBM 210 Extra"]
[Source "ChessBase"]
[SourceDate "2022.11.30"]
[SourceVersion "1"]
[SourceVersionDate "2022.11.30"]
[SourceQuality "1"]
[WhiteTeam "England"]
[BlackTeam "Sri Lanka"]
[WhiteTeamCountry "ENG"]
[BlackTeamCountry "SRI"]

1. b3 d5 2. Bb2 Nf6 3. Nf3 e6 4. e3 Be7 5. c4 0-0 6. Be2 c5 7. cxd5 Nxd5 8. 0-0 Nc6 9. a3 Bf6 10. Qc2 Bxb2 11. Qxb2 b6 12. Nc3 Bb7 13. Rfd1 Qf6 14. d4 Nxc3 15. Qxc3 Rac8 16. Qe1 cxd4 17. Nxd4 Nxd4 18. Rxd4 Qg6 19. Qf1 Rc3 20. Bc4 b5 21. Bxb5 Rxb3 22. Bc4 Rb6 23. Rad1 h6 24. a4 Qg5 25. h4 Qe7 26. a5 Rb2 27. Rd7 Qc5 28. a6 Bc6 29. Rd8 Qb6 30. Rxf8+ Kxf8 31. Qd3 g6 32. h5 gxh5 33. Qh7 Qb8 34. Qxh6+ Ke8 35. Bxe6 Qb5 36. Qf6 Bd5 37. Bxf7+ Kd7 38. Rxd5+ Qxd5 39. Bxd5 Rb1+ 40. Kh2 Rb6 41. Qxb6 axb6 42. a7 1-0

[Event "World ol U16"]
[Site "Nakhchivan"]
[Date "2022.10.06"]
[Round "5.6"]
[White "Saravanabaavan, Brijeash"]
[Black "Amilal, Munkhdalai"]
[Result "0-1"]
[WhiteElo "1679"]
[BlackElo "2137"]
[PlyCount "82"]
[EventDate "2022.10.02"]
[EventType "team-swiss"]
[EventRounds "9"]
[EventCountry "AZE"]
[SourceTitle "CBM 210 Extra"]
[Source "ChessBase"]
[SourceDate "2022.11.30"]
[SourceVersion "1"]
[SourceVersionDate "2022.11.30"]
[SourceQuality "1"]
[WhiteTeam "Sri Lanka"]
[BlackTeam "Mongolia"]
[WhiteTeamCountry "SRI"]
[BlackTeamCountry "MGL"]

1. e4 c5 2. Nc3 Nc6 3. f4 g6 4. Nf3 Bg7 5. Bb5 Nd4 6. 0-0 a6 7. Bc4 b5 8. Bd5 Rb8 9. d3 e6 10. Bb3 Qc7 11. Ne2 Nxf3+ 12. Rxf3 c4 13. dxc4 bxc4 14. Ba4 Bb7 15. Ng3 Nf6 16. Qe2 h5 17. h4 Qc5+ 18. Kh1 Qb4 19. b3 Nxe4 20. Nxe4 Bxe4 21. Qxe4 Bxa1 22. c3 Bxc3 23. a3 Qa5 24. Qxc4 Bf6 25. Qe2 0-0 26. Bxd7 Qc7 27. Qxa6 Qxc1+ 28. Kh2 Qc7 29. Ba4 Rfd8 30. Qe2 Rd4 31. Qf2 Rbd8 32. Qg3 e5 33. b4 Rxf4 34. Rc3 Qa7 35. Re3 Qxa4 36. Rd3 Rxh4+ 37. Kg1 Qa7+ 38. Kf1 Rxd3 39. Qxd3 Rf4+ 40. Ke1 Qf2+ 41. Kd1 Rd4 0-1

[Event "SRI-chB"]
[Site "Mount Lavinia"]
[Date "2022.03.19"]
[Round "8"]
[White "Saravanabaavan, Brijeash"]
[Black "De Silva, Elath Mathanga"]
[Result "1-0"]
[WhiteElo "1559"]
[BlackElo "1865"]
[PlyCount "123"]
[EventDate "2022.03.16"]
[EventType "swiss"]
[EventRounds "10"]
[EventCountry "SRI"]
[SourceTitle "EXT 2023"]
[Source "ChessBase"]
[SourceDate "2022.10.05"]
[SourceVersion "1"]
[SourceVersionDate "2022.10.05"]
[SourceQuality "1"]

1. e4 c5 2. Nc3 g6 3. g3 Bg7 4. Bg2 Nc6 5. d3 d6 6. Be3 Rb8 7. Qd2 b5 8. Nge2 b4 9. Nd1 Nd4 10. 0-0 h5 11. h3 Bd7 12. f4 Qc8 13. Kh2 Nh6 14. c3 bxc3 15. bxc3 Nxe2 16. Qxe2 a5 17. Rc1 Qa6 18. Qd2 f5 19. d4 cxd4 20. Bxd4 0-0 21. e5 Bc6 22. Ne3 Bxg2 23. Qxg2 dxe5 24. fxe5 e6 25. Rce1 Nf7 26. g4 Qb7 27. Qg3 fxg4 28. hxg4 h4 29. Qg2 Qxg2+ 30. Nxg2 Rb2 31. Kh3 Ng5+ 32. Kxh4 Nf3+ 33. Kg3 Nxe1 34. Rxe1 Bh6 35. Rh1 Kg7 36. a3 Bg5 37. Rd1 Rfb8 38. Bc5 Rd8 39. Bd4 Rd7 40. Ne1 Rdb7 41. Nf3 Be7 42. Nd2 a4 43. Nc4 Rb1 44. Rd2 Rh1 45. Nb6 Rb8 46. Nxa4 Rbh8 47. Re2 Bg5 48. Rg2 Rf8 49. Rb2 Bh4+ 50. Kg2 Ra1 51. Nc5 Rff1 52. Nxe6+ Kh6 53. Rb8 g5 54. Rh8+ Kg6 55. Nf8+ Kf7 56. e6+ Ke7 57. Bc5+ Kf6 58. Rh6+ Ke5 59. e7 Rfe1 60. e8Q+ Kf4 61. Ng6+ Kxg4 62. Qd7+ 1-0

[Event "Asia-ch U20"]
[Site "Waskaduwa"]
[Date "2021.12.17"]
[Round "2"]
[White "Saravanabaavan, Brijeash"]
[Black "Liyanage, Pesandu Rashmitha"]
[Result "1/2-1/2"]
[WhiteElo "1525"]
[BlackElo "1827"]
[PlyCount "97"]
[EventDate "2021.12.17"]
[EventType "swiss"]
[EventRounds "9"]
[EventCountry "SRI"]
[SourceTitle "CBM 206 Extra"]
[Source "ChessBase"]
[SourceDate "2022.03.31"]
[SourceVersion "1"]
[SourceVersionDate "2022.03.31"]
[SourceQuality "1"]

1. e4 c5 2. Nc3 Nc6 3. g3 g6 4. Bg2 Bg7 5. d3 d6 6. Be3 e5 7. Qd2 Nge7 8. Bh6 0-0 9. h4 Bxh6 10. Qxh6 f6 11. Nge2 Be6 12. 0-0 Nd4 13. Qd2 b5 14. f4 b4 15. Nd1 Rb8 16. Ne3 Kh8 17. c4 bxc3 18. bxc3 Qa5 19. Rfc1 Nxe2+ 20. Qxe2 Qa3 21. Rc2 Rb6 22. h5 g5 23. fxg5 fxg5 24. Rf1 Rbb8 25. Rxf8+ Rxf8 26. Nd5 Nxd5 27. exd5 Bf5 28. Be4 Bxe4 29. Qxe4 Qa6 30. Qe3 Qa4 31. Qe2 g4 32. c4 Rf3 33. Rb2 Qe8 34. Qh2 Qf7 35. Qh4 Rf1+ 36. Kh2 Rf2+ 37. Rxf2 Qxf2+ 38. Kh1 Qf3+ 39. Kh2 Qe2+ 40. Kh1 Qd1+ 41. Kh2 Qc2+ 42. Kg1 Qc1+ 43. Kf2 Qd2+ 44. Kg1 Qd1+ 45. Kg2 Qf3+ 46. Kh2 Qf2+ 47. Kh1 Qf1+ 48. Kh2 Qe2+ 49. Kg1 1/2-1/2

[Event "SRI-ch U14"]
[Site "Nugegoda"]
[Date "2021.03.14"]
[Round "11"]
[White "Saravanabaavan, Brijeash"]
[Black "Laksiri, AA Kavishka Gimshan"]
[Result "1/2-1/2"]
[WhiteElo "1611"]
[BlackElo "1331"]
[PlyCount "107"]
[EventDate "2021.03.09"]
[EventType "tourn"]
[EventRounds "11"]
[EventCountry "SRI"]
[SourceTitle "CBM 201 Extra"]
[Source "ChessBase"]
[SourceDate "2021.05.31"]
[SourceVersion "1"]
[SourceVersionDate "2021.05.31"]
[SourceQuality "1"]

1. e4 e5 2. Nf3 Nc6 3. Bc4 Bc5 4. c3 Nf6 5. d3 d6 6. h3 h6 7. a4 a6 8. b4 Ba7 9. Qb3 Qe7 10. Be3 Bxe3 11. fxe3 Be6 12. Nbd2 0-0 13. 0-0 Rad8 14. Bd5 Qd7 15. Kh2 Ne7 16. Bxe6 fxe6 17. d4 Ng6 18. b5 Kh7 19. bxa6 bxa6 20. Qc4 Ra8 21. dxe5 dxe5 22. Nb3 Rfb8 23. Rfd1 Qe7 24. Na5 c6 25. Rab1 Qc7 26. Nb3 c5 27. Qxc5 Qxc5 28. Nxc5 Rc8 29. Nxe6 Rc6 30. Nd8 Rxc3 31. Rb7 Rxe3 32. Ne6 Rg8 33. Rd6 Nxe4 34. Rdd7 Kh8 35. Rxg7 Rxg7 36. Nxg7 Nf4 37. Nf5 Re2 38. N3h4 Nc5 39. Rb8+ Kh7 40. Rb6 Nfe6 41. a5 e4 42. Kg3 Ra2 43. Rb8 Rxa5 44. Re8 Ng7 45. Re7 Nce6 46. Nxg7 Nxg7 47. Rxe4 Nf5+ 48. Nxf5 Rxf5 49. Re7+ Kg6 50. Ra7 Ra5 51. Kf3 Ra1 52. g4 h5 53. gxh5+ Kxh5 54. Ke4 1/2-1/2

[Event "Negambo op 4th"]
[Site "Negambo"]
[Date "2018.08.17"]
[Round "4"]
[White "Galappaththi, Chinthaka Anuruddh"]
[Black "Saravanabaavan, Brijeash"]
[Result "1-0"]
[WhiteElo "2028"]
[BlackElo "1397"]
[PlyCount "147"]
[EventDate "2018.08.16"]
[EventType "swiss"]
[EventRounds "10"]
[EventCountry "SRI"]
[SourceTitle "CBM 186 Extra"]
[Source "ChessBase"]
[SourceDate "2018.08.24"]
[SourceVersion "1"]
[SourceVersionDate "2018.08.24"]
[SourceQuality "1"]

1. c4 Nf6 2. Nc3 g6 3. d4 Bg7 4. e4 d6 5. Nf3 0-0 6. Be2 e5 7. Be3 Nc6 8. d5 Ne7 9. Nd2 b6 10. b4 Ne8 11. c5 f5 12. f3 Nf6 13. Nc4 f4 14. Bf2 h5 15. a4 g5 16. cxd6 cxd6 17. a5 bxa5 18. Rxa5 a6 19. b5 Bb7 20. b6 Qd7 21. Qa4 Qd8 22. 0-0 Nc8 23. Qb4 Rf7 24. Ra2 Bf8 25. Na5 Qd7 26. Rfa1 Ne7 27. Nxb7 Qxb7 28. Bxa6 Qd7 29. b7 Rb8 30. Ba7 Rxb7 31. Qxb7 Qxb7 32. Bxb7 Nf5 33. Bc8 Ng7 34. Nb5 Nfe8 35. Bb8 Kh7 36. Ra7 Rf6 37. Rb7 Kh8 38. Raa7 h4 39. h3 Kg8 40. Bd7 Rg6 41. Nc7 Nxc7 42. Bxc7 Rh6 43. Bd8 Rg6 44. Bf5 Rh6 45. Be7 Bxe7 46. Rxe7 Rf6 47. Rxg7+ Kf8 48. Be6 Rxe6 49. dxe6 g4 50. hxg4 h3 51. gxh3 d5 52. exd5 e4 53. fxe4 f3 54. h4 f2+ 55. Kxf2 Ke8 56. Rgf7 Kd8 57. g5 Kc8 58. g6 Kb8 59. h5 Kc8 60. h6 Kb8 61. Rfd7 Kc8 62. e7 Kb8 63. g7 Kc8 64. e8N Kb8 65. h7 Kc8 66. g8Q Kb8 67. h8Q Kc8 68. e5 Kb8 69. e6 Kc8 70. e7 Kb8 71. Qg1 Kc8 72. Qhh1 Kb8 73. Nf6 Kc8 74. e8Q# 1-0

[Event "Asian Schools-ch 14th U11"]
[Site "Waskaduwa"]
[Date "2018.07.09"]
[Round "2.4"]
[White "Garv, Gaur"]
[Black "Saravanabaavan, Brijeash"]
[Result "1-0"]
[WhiteElo "1519"]
[BlackElo "1245"]
[PlyCount "88"]
[EventDate "2018.07.09"]
[EventType "swiss"]
[EventRounds "9"]
[EventCountry "SRI"]
[SourceTitle "EXT 2024"]
[Source "ChessBase"]
[SourceDate "2023.10.10"]
[SourceVersion "1"]
[SourceVersionDate "2023.10.10"]
[SourceQuality "1"]

1. d4 Nf6 2. Nf3 g6 3. c4 Bg7 4. g3 0-0 5. Bg2 d6 6. 0-0 Nc6 7. Nc3 Ne8 8. h3 f5 9. Be3 h6 10. Qd2 Kh7 11. Rad1 Nf6 12. b3 Bd7 13. d5 Ne5 14. Nd4 Qc8 15. f4 Nf7 16. Bf2 Nd8 17. Kh2 c5 18. dxc6 Nxc6 19. Nxc6 Bxc6 20. Nd5 e5 21. Ne7 Qc7 22. Nxc6 bxc6 23. Qxd6 Qxd6 24. Rxd6 exf4 25. gxf4 Nh5 26. Bd4 Bxd4 27. Rxd4 Rae8 28. Bf3 Re7 29. Rf2 Rc8 30. Kg1 c5 31. Rd2 Nxf4 32. Kh2 Ne6 33. e4 Nd4 34. exf5 Nxf5 35. Bg4 Rce8 36. Bxf5 gxf5 37. Rxf5 Re2+ 38. Rxe2 Rxe2+ 39. Kg3 Rxa2 40. Rxc5 Ra3 41. Rb5 a5 42. Kg4 a4 43. bxa4 Rxa4 44. Rc5 Rb4 1-0